| 000 | 00717nam a2200229 a 4500 | ||
|---|---|---|---|
| 005 | 20251203063942.0 | ||
| 008 | 991125s1981 es 000 0 spa u | ||
| 020 | _a847222192X | ||
| 035 | _aUPN01000058445 | ||
| 049 | _aCG | ||
| 050 | 4 |
_aLB1573 _bT6.98 |
|
| 100 | 1 |
_aTonucci, Francesco, _d1941- _930884 |
|
| 245 | 1 | 0 |
_aViaje alrededor de el mundo : _bun diario de clase de Mario Lodi y sus alumnos / _cFrancesco Tonucci ; tr. Marta Vascallo. |
| 260 |
_aBarcelona, Esp. : _bLaia, _c1981. |
||
| 300 | _a209 p. | ||
| 440 | 0 |
_aLibros cuadernos de pedagogĂa ; _v14 |
|
| 650 | 4 |
_aDIARIOS _99723 |
|
| 650 | 4 |
_aIntereses en la lectura _94851 |
|
| 650 | 4 | _aLIBROS DE LECTURA | |
| 650 | 4 |
_aDIARIOS _99723 |
|
| 905 | _aLibro | ||
| 999 |
_c58445 _d58445 |
||